00641nam a2200169 a 4500008004100000020001500041050001400056100002000070245003700090260003500127300002000162350000900182650003700191995009600228999001700324952013000341120416s1990 ||||||||||||||||| || u a0201523698 aT 385 Dan aDanuloff, Craig10aExpert advisor: Harvard graphics aReading:bAddison-Wesleyc1990 ax, 441p. : ill. a0.00 aHARVARD GRAPHICS (COMPUTER FILE) D0.00FCBU-MAIN LIBRARY (Kitwe)H1I20.95M1UAVAILABLEZMain Library Open Access Collection c42921d42921 00102lcc4070a001b001cMain Library Open Access Collectiond2022-11-30l0oT 385 Danp013744r2022-11-30w2022-11-30y002